| 000 | 01063cab a2200397 4500 | ||
|---|---|---|---|
| 001 | ABS55954 | ||
| 008 | 090401t1996 xxu||||| |||| 00| 0 eng d | ||
| 035 | _a(Sirsi) u20079 | ||
| 041 | _aeng | ||
| 245 | _aFocus `96: M25 junctions 8-15 | ||
| 260 | _c1996 | ||
| 350 | _a0 | ||
| 490 |
_aEstates Gazette _v(9641) 12 October 1996, 95-132(15) |
||
| 650 | _aCHERTSEY | ||
| 650 | _aCINEMAS | ||
| 650 | _aDORKING | ||
| 650 | _aFRIARY | ||
| 650 | _aGUILDFORD | ||
| 650 | _aHEATHROW | ||
| 650 | _aLEATHERHEAD | ||
| 650 | _aLEISURE DEVELOPMENT | ||
| 650 | _aLEISURE MARKET | ||
| 650 | _aM25 CORRIDOR | ||
| 650 | _aPROPERTY-COMMERCIAL PROPERTY-OFFICE PROPERTY-OFFICE PROPERTY MARKET | ||
| 650 | _aPRIME HEALTH | ||
| 650 | _aREDHILL | ||
| 650 | _aREIGATE | ||
| 650 | _aPROPERTY-COMMERCIAL PROPERTY-RETAIL PROPERTY-RETAIL PROPERTY MARKET | ||
| 650 | _aSTAINES | ||
| 650 | _aSURREY | ||
| 650 | _aTWO RIVERS | ||
| 650 | _aWOKING | ||
| 690 | _aPROPERTY-COMMERCIAL PROPERTY-COMMERCIAL PROPERTY MARKET | ||
| 942 | _n0 | ||
| 948 | _c04/03/1997 | ||
| 999 |
_c13453 _d13453 |
||